000
00214 a2200097 4500
001
7740
100
_a
Feinberg, R
245
_a
Handbook of electronic circuits
260
_a
_b
Chapman Hall
_c
090
_c
6197
_d
6197
942
_a
NUST-CAE
_c
M
_c
32708
999
_c
242813
_d
242813